| 000 | 01282nam a2200241Ia 4500 | ||
|---|---|---|---|
| 001 | 10190 | ||
| 003 | GE_BSU | ||
| 008 | 181216s||||||||xx |||||||||||||| ||und|| | ||
| 040 | _cGE_BSU | ||
| 080 | _a821.353.1+821.353.1.09+821.353.1-94+821.353.1-6+821.353.1-32 | ||
| 100 | _aტაბიძე,გალაქტიონ | ||
| 245 | _aთხზულებანი თორმეტ ტომად. ტ.12. | ||
| 245 | _bწერილები სიტყვები.მოგონებები.დღიურები.ჩანაწერები,პირადი წერილები.პოემების პროზაული ტექსტები | ||
| 245 | _cსარედ.კოლ.გურამ გვერდწითელი | ||
| 260 | _aთბილისი | ||
| 260 | _bსაბჭოთა საქართველო | ||
| 260 | _c1975 | ||
| 300 | _a806გვ.21სმ. | ||
| 653 | _aთხზულებანი | ||
| 653 | _aპოემების პროზაული ტექსტები | ||
| 653 | _aწერილები სიტყვები.მოგონებები.დღიურები.ჩანაწერები,პირადი წერილები. | ||
| 942 | _cBK | ||
| 999 |
_c43459 _d43459 |
||